Jangan lalai=Don't be careless

Bibliographic Details
Main Author: Khalid Abdul Mu'ti Khalif
Format: Book
Published: Kuala Lumpur : Jasmin enterprise , 2006
Subjects:

MARC

LEADER 00000cam a2200000 7i4500
001 0000017354
005 20080520.0
008 080516
020 |a 983342368x 
090 0 0 |a 297.57   |b KHA 
100 0 |a Khalid Abdul Mu'ti Khalif 
245 1 0 |a Jangan lalai=Don't be careless   |c Khalid Abdul Mu'ti Khalif 
260 |a Kuala Lumpur :   |b Jasmin enterprise ,   |c 2006 
650 0 |a Islam   |x Custom and practices 
650 0 |a Success   |x Religious aspects   |x Islam 
999 |a 0001004246   |b Book   |c Adult Collection   |e Perbadanan Perpustakaan Awam Johor 
999 |a 0001004247   |b Book   |c Adult Collection   |e Cawangan Urban Transformation Centre 
999 |a 0001004248   |b Book   |c Adult Collection   |e Perbadanan Perpustakaan Awam Johor 
999 |a 0001004249   |b Book   |c Adult Collection   |e Perbadanan Perpustakaan Awam Johor